Liedtext Disco La Cola- Alexander Markus - Statistiken

Allgemein
  • Dieses Quiz wurde 25 mal gespielt
  • Das Durchschnittsergebnis liegt bei 134 aus 224
Antwortstatistiken
Textquiz % Korrekt
Cola
100%
Disco
100%
Du
100%
La
100%
Da
94%
Der
94%
In
94%
N
94%
Sie
94%
Ich
89%
Kann
89%
Man
89%
Alle
83%
Und
83%
Zu
83%
Ganz
78%
Hast
78%
Mal
78%
Menschen
78%
Mit
78%
Nicht
78%
Sich
78%
Treffen
78%
Bock
72%
Dancen
72%
Dein
72%
Deshalb
72%
Ein
72%
Garantiert
72%
Genießen
72%
Gut
72%
Her
72%
Hier
72%
Kriegst
72%
Leben
72%
Bin
67%
Flair
67%
Nem
67%
Schön
67%
Die
61%
Kick
61%
Schon
61%
Für
56%
Nach
56%
Das
50%
Keine
50%
Komm`n
50%
So
50%
Auf
44%
Geh
44%
Gibts
44%
Gibt`s
44%
Glück
44%
Mehr
44%
Seit
44%
Besondrem
39%
Diese
39%
Grenzen
39%
Längst
39%
Liebe
39%
Mir
39%
Suche
39%
Tanze
39%
Ab
33%
Allein
33%
An
33%
Dann
33%
Feuer
33%
Ist
33%
Ort
33%
Stadt
33%
Auch
28%
Bar
28%
Frei
28%
Fühl
28%
Hause
28%
Jahren
28%
Mich
28%
Nacht
28%
Rechts
28%
Voller
28%
Zurück
28%
Abend
22%
Bestell
22%
Entfacht
22%
Gleich
22%
Heut
22%
Kreuzung
22%
Links
22%
Rauche
22%
Tage
22%
Zwei
22%
Aus
17%
Dasselbe
17%
Durch
17%
Endlich
17%
Geh`n
17%
Immer
17%
Kann`s
17%
Kehr
17%
Lachen
17%
Licht
17%
Mein
17%
Noch
17%
Spiel
17%
Vorbei
17%
Aller
11%
Doch
11%
Einsame
11%
Geborgen
11%
Hilfe
11%
Irr
11%
Jukebox
11%
Lieblingslied
11%
Oh
11%
Spielt
11%
Weitergeh`n
11%
Welt
11%
Wundervolle
11%
Keine übereinstimmenden Quizze gefunden
Verteilung der Resultate
Anzahl Personen mit jedem Resultat
Perzentil nach korrekt beantworteten Fragen
Ihre Resultats-Entwicklung
Sie haben dieses Quiz noch nicht gespielt